KOHA-Header-6

Power System Analysis and Stability (Record no. 12168)

000 -LEADER
fixed length control field 00317nam a22001337a 4500
020 ## - INTERNATIONAL STANDARD BOOK NUMBER
ISBN 978-93259-7413-5
082 ## - DEWEY DECIMAL CLASSIFICATION NUMBER
Classification number 621.319
100 ## - MAIN ENTRY--AUTHOR NAME
Personal name S N Sivanandam
245 ## - TITLE STATEMENT
Title Power System Analysis and Stability
260 ## - PUBLICATION, DISTRIBUTION, ETC. (IMPRINT)
Place of publication New Delhi
Name of publisher Vikas
Year of publication 2014
300 ## - PHYSICAL DESCRIPTION
Number of Pages 509
650 ## - SUBJECT ADDED ENTRY--TOPICAL TERM
Topical Term Electrical Engineering
942 ## - ADDED ENTRY ELEMENTS (KOHA)
Koha item type Books
Holdings
Withdrawn status Lost status Collection code Permanent Location Current Location Shelving location Date acquired Full call number Accession Number Koha item type
    Electrical Engineering MAJU MAJU Shelf No.A34 2019-12-07 621.319 9475 Electrical Engineering

Powered by Koha